TIL FURTHER NOTICE- Travis Scott Lyrics - Statistics

General Stats
  • This quiz has been taken 424 times
  • The average score is 327 of 556
Answer Stats
Answer % Correct
you
98%
You
98%
I
97%
I—
97%
no
96%
a
92%
do
92%
go
92%
love
91%
love,
91%
me?
90%
me
90%
me,
90%
that
90%
with
90%
Where
89%
now
86%
Now
86%
now?
86%
it?
84%
it
84%
done
81%
My
81%
my
81%
to
81%
be
80%
the
80%
don't
77%
in
77%
We
77%
we
77%
you're
77%
should
72%
will
72%
fall
70%
first"
69%
first
69%
know
69%
X-rated
69%
x-rated
69%
X-rated,
69%
always
68%
Always
68%
"Put
68%
put
68%
eve
66%
hear
66%
it's
66%
how
64%
'til
64%
'Til
64%
told
63%
mama
62%
was
62%
yourself
62%
made
61%
hurt
60%
women,
58%
blame
56%
can
56%
lie
56%
lie,
56%
further
55%
notice
55%
And
54%
and
54%
have
54%
really
54%
'cause
53%
dick
53%
about
52%
of
52%
can't
51%
Can't
51%
man,
51%
shit
51%
would
51%
she
50%
She
50%
talk
50%
bette
49%
even
49%
Even
49%
Or
47%
Why
47%
hit
46%
Like
46%
like
46%
take
46%
Take
46%
treated
46%
her
45%
is
45%
too
44%
couple
43%
on
43%
bein'
42%
Drinkin'
42%
energy
42%
energy,
42%
I'm
41%
just
41%
should've
41%
goin'
38%
runnin'
37%
blackout
36%
but
36%
keep
36%
off
36%
'round
36%
so
36%
us
36%
won't
36%
right
35%
stepper
35%
all
34%
'bout
34%
by
34%
Used
34%
come
33%
never
32%
playin'
32%
every
31%
feel
31%
for
31%
heart,
31%
patience,
31%
push
31%
sip,
31%
covers
30%
here
30%
one
30%
one,
30%
alright
29%
been
29%
more
29%
payback
29%
what
29%
balance
28%
Big
28%
key
28%
knew
28%
Knew
28%
propose,
28%
waited
28%
broads,
27%
hard
27%
help
27%
are
26%
had
26%
hoes,
26%
lames
26%
Zone
26%
6
25%
dangerous,
25%
deal
25%
into
25%
Savage,
25%
shouldn't
25%
cold
24%
If
24%
if
24%
time
24%
bitches,
23%
fine
23%
pushed
23%
ran
23%
makes
22%
need
22%
angels
21%
dawg
21%
frozen
21%
pepper
21%
repper
21%
say
21%
ain't
20%
as
20%
givin'
20%
watch
20%
Woah,
20%
came
19%
Niggas
19%
thought
19%
world
19%
angles,
18%
fade
18%
See
18%
Got
17%
got
17%
Satan
17%
sext
17%
away
16%
Coldplay,
16%
Draco
16%
fightin'
16%
nowhere
16%
out
16%
somehow
16%
bumpin'
15%
dumb
15%
sure
15%
takin',
15%
throwin'
15%
tip
15%
salt,
14%
Took
14%
up
14%
needed
13%
red
13%
vacant
12%
couldn't
11%
rip
11%
thing
11%
blues,
10%
celebratin'
10%
everything
10%
pavement
10%
Yeah,
10%
gracious
9%
save
9%
those?
9%
Leave
8%
old
8%
painless
8%
somebody
8%
brainless,
7%
hiatus
7%
roll
7%
show
7%
fun
6%
goals,
6%
let
6%
Bring
5%
entertainment,
5%
greatness
5%
seen
5%
tryna
5%
at
4%
exactly
4%
faded,
4%
shade
4%
stick
4%
bare
3%
'em
3%
tote
2%
shows,
1%
No matching quizzes found
Score Distribution
Percent of People with Each Score
Percentile by Number Answered
Your Score History
You have not taken this quiz